000
00256nam a2200109Ia 4500
008
230312s9999||||xx |||||||||||||| ||und||
082
_a
758.940
_b
FER-F
100
_a
Fernandez:angel
245
0
_a
Fashion print design
650
_a
Architecture
942
_c
BK
999
_c
14474
_d
14474